000 02199cam a22005054i 4500
003 PE-LiUPU
005 20250731173348.0
008 150706s2007 sp r 000 0 spa d
020 _a9788481648829
035 _a(Sirsi) i9788481648829
040 _aPE-LiUPU
_bspa
_cPE-LiUPU
_erda
049 _aPRUA
082 0 4 _a270.1
_bK94
_221
100 1 _aKüng, Hans,
_eautor.
245 1 3 _aEl cristianismo esencia e historia /
_cHans Küng .
250 _a5a edición.
264 1 _aMadrid :
_bEditorial Trotta,
_c2007.
300 _a950 páginas ;
_c24 centímetros
336 _atext
_2rdacontent
337 _aunmediated
_2rdamedia
338 _avolume
_2rdacarrier
490 0 _aColección Estructuras y Procesos. Serie religión
505 0 _aLa cuestión de la esencia -- "Esencia" y "no esencia " del cristianismo -- Polémica en torno al "Cristianismo" -- El centro -- La forma básica y el motivo original -- Los elementos estructurales centrales -- Historia -- El paradigma judeo-apocalíptico del protocristianismo -- El paradigma ecuménico-helenista de la Antigüedad cristiana -- El paradigma católico-romano de la Edad Media -- El paradigma evangélico-protestante de la reforma -- El paradigma racionalista y progresista de la modernidad.
526 _aSEG42
526 _aSEG41
526 _aSEG40
526 _aSEG39
526 _aP94
526 _aP87
526 _aP86
526 _aP85
526 _aP77
526 _aP76
526 _aP35
541 _g007-0020527;
650 0 4 _aCristianismo
_xHistoria.
650 0 4 _aHistoria Eclesiástica.
700 1 _aMartínez de Lapera, Vistor Abelardo,
_eTrad.
910 _agl
_bjv
_cng
_d20091223
942 _2ddc
_cBOOK
949 _a270.1 K94
_wDEWEY
_c1
_i60930
_d2016-11-8
_e2016-11-8
_lCCODEBUL1
_mBUL
_n1
_p90.00
_r0
_sY
_tBOOK
_u2015-7-6
_xTEOLOGIA
_zUNKNOWN
_0COMPRA
_o.STAFF. Colección Teología
994 _aC0
_bPEPRU
596 _a1
999 _a270.1 K94
_wDEWEY
_c50284
_i60930
_d50284
_e2019-5-19
_f2021-11-11
_g6
_lCCODEBUL1
_mBUL
_n3
_p90.00
_q16
_r0
_sY
_tBOOK
_u2015-7-6
_xTEOLOGIA
_PP35
_0COMPRA
_o.STAFF. Colección Teología
980 _81
_gALBERTO SANCHEZ Responsable de Automatización